Angličtina učebné texty pre elektrotechnikov

Bibliographic Details
Main Author: Galata, Jozef, 1942- (Author)
Format: Book
Language:English
Slovak
PhysicalDescription:75 s. 29 cm
Published: Bratislava Slovenská vysoká škola technická 1980
Edition:2. vyd., 1. dotl.
Subjects:

MARC

LEADER 00000cam a2200000 a 4500
001 vtls001109100
003 SK-MaSNL
005 20260425224220.0
008 250313s1980 xo np 000 0 eng
015 |a SNBA1980 
035 |a SNK000051942 
035 |a urn:nbn:sk:snk-amkwix 
035 |a urn:nbn:sk:snk-am00832n 
035 |a 41AC6E13-1645-4FDB-9F54-78F8BDE27E0B 
040 |a SNK  |b slo  |c SNK  |e AACR2 
041 0 |a eng  |a slo 
044 |a xo  |c SK 
080 |a 802.0-316.4:621.3(075.8)=20  |2 1981 
080 |a 621.3(075.8)=20  |2 1981 
100 1 |a Galata, Jozef,  |d 1942-  |4 aut  |9 114457 
245 1 0 |a Angličtina  |b učebné texty pre elektrotechnikov  |c Jozef Galata 
250 |a 2. vyd., 1. dotl. 
260 |a Bratislava  |b Slovenská vysoká škola technická  |c 1980 
300 |a 75 s.  |c 29 cm 
366 |e 200 výt. 
500 |a Schválil Rektorát SVŠT v Bratislave ako skriptum 
504 |a Bibliogr. 
650 0 7 |a angličtina  |2 SNKPH  |9 1260 
655 7 |a učebnice vysokých škôl  |2 SNKPH  |9 70191 
852 |a Slovenská národná knižnica 
958 |a OND 
958 |a RM 
958 |a UV 
958 |a NB 
999 |c 607342  |d 609272 
952 |a SNK  |b SNK  |y PREZ  |7 0  |p 17A0987280  |o snkSB 29806  |i snkKSP 3203/80  |0 0  |1 0  |4 0  |d 2014-10-15  |f 1  |l 0  |r 2025-04-02 00:00:00  |w 2026-02-23 
952 |a SNK  |b SNK  |y VYP  |7 0  |o snkSB 29806 D1  |i snkKSP 3204/80  |0 0  |1 0  |4 0  |d 2014-10-15  |l 0  |r 2026-02-23 16:13:01  |w 2026-02-23